000 00598nam a22001937a 4500
003 BUBTL
008 200122b xxu||||| |||| 00| 0 eng d
020 _a9844584078
082 _a891.443 / Os53j
100 _92025
_aওসমান, শওকত
245 _aজননী /
_cশওকত ওসমান
250 _a5th edn.
260 _aঢাকা :
_bসময় প্রকাশন,
_cc2015.
300 _a208 p. :
_c21 cm.
650 0 _91687
_aবাংলা সাহিত্য
856 _k0
_l0
_yDownload
942 _2ddc
_cBK
999 _c6252
_d6252